Szczegóły MARC21

Aktywność kulturalna włókniarzy : praca zbiorowa /

003 -Nazwa inst., której nr kontr. jest w polu 001 [,]
    • @
    • Nazwa instytucji, której n kontrolny jest w polu 001
    • NUKAT
005 -DATA I CZAS OSTATNIEJ MODYFIKACJI [,]
    • @
    • pole kontrolne
    • 20241231095035.0
040 -Instytucja sporządzająca opis [ , ]
    • a
    • Instytucja, która sporządziła opis (NP)
    • WA U/76ACH
    • c
    • Instytucja, która sporządziła rekord (NP)
    • WA U/ACH
    • d
    • Instytucja, która zmodyfikowała rekord (P)
    • WA U/DP
    • d
    • Instytucja, która zmodyfikowała rekord (P)
    • Ł U/MSs
942 -Rodzaj dokumentu [ , ]
    • c
    • Rodzaj dokumentu
    • Książka
245 -Strefa tytułu i oznaczenia odpowiedzialności [0,0]
    • a
    • Tytuł
    • Aktywność kulturalna włókniarzy : Find
    • b
    • Ciąg dalszy tytułu (NP)
    • praca zbiorowa / Find
    • c
    • Pozostałe elementy strefy tytułu i oznaczenia odpowiedzialności (NP)
    • pod red. Aleksandra Kamińskiego i Józefa Marczaka ; Zarząd Główny Związku Zawodowego Pracowników Przemysłu Włókienniczego, Odzieżowego i Skórzanego w Polsce.
260 -Strefa adresu wydawniczego [ , ]
    • a
    • Miejsce wydania (P)
    • Łódź :
    • b
    • Nazwa wydawcy (P)
    • Wydaw. Łódzkie,
    • c
    • Data wydania (P)
    • 1969.
300 -Strefa opisu fizycznego [ , ]
    • a
    • Określenie formy książki i/lub objętość (NP)
    • 325 s., [20] s. tabl. ;
    • c
    • Format (NP)
    • cm.
336 -Typ zawartości [ , ]
    • a
    • Termin opisujący typ zawartości
    • Tekst
    • b
    • Kod określający zawartość
    • txt
    • 2
    • Źródło (terminu i kodu)
    • rdacontent
337 -Typ mediów [ , ]
    • a
    • Tryb odtwarzania
    • Bez urządzenia pośredniczącego
    • b
    • Kod typu mediów
    • n
    • 2
    • Źródło (terminu i kodu)
    • rdamedia
338 -Typ/rodzaj nośnika [ , ]
    • a
    • Hasło opisujące typ nośnika
    • Wolumin
    • b
    • Kod typu nośnika
    • nc
    • 2
    • Źródło (terminu i kodu)
    • rdacarrier
504 -Uwaga dot. bibliogr. załącznikowej [ , ]
    • a
    • Uwaga dot. bibliografii załącznikowej
    • Bibliogr. przy rozdz.
650 -Hasło przedmiotowe [ ,7]
    • a
    • Hasło przedmiotowe
    • Animacja społeczno-kulturalna
    • z
    • Określnik geograficzny
    • Polska
    • y
    • Określnik chronologiczny
    • 1945-1970.
    • 2
    • Źródło terminu
    • kaba
    • 9
    • KHW
    • 355235
650 -Hasło przedmiotowe [ ,7]
    • a
    • Hasło przedmiotowe
    • Pracownicy przemysłu tekstylnego
    • z
    • Określnik geograficzny
    • Polska
    • x
    • Określnik rzeczowy
    • życie intelektualne
    • y
    • Określnik chronologiczny
    • 1945-1970.
    • 2
    • Źródło terminu
    • kaba
    • 9
    • KHW
    • 355237
650 -Hasło przedmiotowe [ ,7]
    • a
    • Hasło przedmiotowe
    • Zakłady włókiennicze
    • x
    • Określnik rzeczowy
    • działalność kulturalna
    • z
    • Określnik geograficzny
    • Polska
    • y
    • Określnik chronologiczny
    • 1945-1970.
    • 2
    • Źródło terminu
    • kaba
    • 9
    • KHW
    • 355236
700 -Hasło dodatkowe - nazwa osobowa [1, ]
    • a
    • Nazwa osobowa (NP)
    • Kamiński, Aleksander Find
    • d
    • Daty biograficzne (NP)
    • (1903-1978).
    • e
    • Określenie rodzaju współpracy
    • Red.
    • 9
    • KHW
    • 15975
700 -Hasło dodatkowe - nazwa osobowa [1, ]
    • a
    • Nazwa osobowa (NP)
    • Marczak, Józef Find
    • c
    • Dopowiedzenie inne niż daty biograficzne (NP)
    • (włókiennictwo).
    • e
    • Określenie rodzaju współpracy
    • Red.
    • 9
    • KHW
    • 343859
710 -Hasło dodatkowe - nazwa ciała zbiorowego [2, ]
    • a
    • Nazwa ciała zbiorowego lub nazwa geograficzna jako pierwszy element (NP)
    • Wydawnictwo Łódzkie.
    • 4
    • Kod relacji
    • pbl
    • 9
    • KHW
    • 56507
Uwagi nie widoczne w OPAC Status udost. Numer inwentarzowy Sygnatura Lokalizacja
retrokonwersja ANS1ANS.92472301/A 29BNS
retrokonwersja ANS1ANS.92473301/A-29BNS